มุมมองปกติ
มุมมองแบบ MARC
- แม่น้ำเจ้าพระยา
รายการ Geographic Name
001 - CONTROL NUMBER
- control field: 31033
003 - CONTROL NUMBER IDENTIFIER
- control field: NALT
005 - DATE AND TIME OF LATEST TRANSACTION
- control field: 20180910090302.0
008 - FIXED-LENGTH DATA ELEMENTS
- fixed length control field: 180910|| aca||aabn | a|a d
040 ## - CATALOGING SOURCE
- Original cataloging agency: NALT
151 ## - HEADING--GEOGRAPHIC NAME
- Geographic name: แม่น้ำเจ้าพระยา
